Obstáculos en la ejecución de la reforma política

Сохранить в:
Библиографические подробности
Формат: Текст
Предметы:
Метки: Добавить метку
Нет меток, Требуется 1-ая метка записи!

MARC

LEADER 00000 a a2200000 04500
001 5999
003
040
245 |a Obstáculos en la ejecución de la reforma política  
650 |a POLITICA  
650 |a REFORMAS ADMINISTRATIVAS  
650 |a CONTROL SOCIAL  
650 |a INSTITUCIONES PUBLICAS  
650 |a ELECCIONES  
650 |a MEDIOS DE COMUNICACION  
650 |a DEMOCRACIA  
650 |a PARTIDOS POLITICOS  
773 |g volumen 16, número 679; páginas 4-5  
999 |c 21886  |d 21886